000
00232nam a2200121Ia 4500
100
_a
#N/A
942
_c
BK
245
_a
Tampi - mobile and remote computers
260
_b
#N/A
082
_b
22107
546
_a
ENGLISH
999
_c
26627
_d
26627